000 00817cam a2200229 a 4500
999 _c558
_d558
008 990809s1999 enk i000 0 eng
020 _a9280160982
040 _aIMU-KC
082 0 0 _a341.7625 I339
110 _976
_aInternational Maritime Organization
245 0 0 _aProvisions concerning the reporting of incidents involving harmful substances under MARPOL 73/78/
_cBy IMO
250 _a3rd ed.
260 _aLondon
_bIMO
_c1999
300 _av, 17 p. ;
_c24 cm.
500 _a"IMO publication sales number: IMO-516E"--T.p. verso.
650 0 _aMarine pollution
_xLaw and legislation.
650 0 _aWaste disposal in the ocean
_xLaw and legislation.
650 0 _aHazardous substances
_xLaw and legislation.
650 0 _aPollutants
_xReporting.
710 2 _aInternational Maritime Organization.
942 _cBK